000 00320nam a22001337a 4500
003 macl
005 20170326125336.0
008 170326b xxu||||| |||| 00| 0 eng d
040 _cMACL
100 _aChaturvedi Heramb
_966852
245 _aAllahabad school of Histroy
650 _a900/Histroy
_966853
942 _2ddc
_cBK
999 _c56135
_d56135